01108 a2200217 45000010006000000050017000060080041000230030015000640400040000790800105001192450179002240200022004032640044004253000018004695050237004870410008007241000019007327000019007517000021007708560099007914503520260407155725.0260407a2010 arg spa dAR-UNSa-BCEJYS aAR-UNSa-BCEJYSbspacAR-UNSa-BCEJYS a304.4xAspectos generales de las políticas y prácticas sociales y culturales (política social)10aThink tanks, decisores gubernamentales y actores políticospfactores críticos para fortalecer el vínculo entre el conocimiento y las políticas públicas en Argentina a978-987-26589-0-8 1aBuenos Aires :bFundación Sienac2010 a77 p.c30 cm. a1.Think tanks y políticas pùblicas – 2. El mapa los de thinks en la Argentina – 3. Recursos humanos y financieros – 4. La generación y difusión del conocimiento – 5. La gestión de la incidencia – 6. Conclusiones. aspa1 aLupica, Carina1 aUña, Gerardo1 aStrazza, Luciano41uhttps://www.biblioeco.unsa.edu.ar/pmb/images/libros/L127059.jpgyImagen de portadaqimage/jpeg